| 000 | 006330000a22001930004500 | ||
|---|---|---|---|
| 090 |
_aAR _b03749 |
||
| 245 | 1 | 0 | _aMortality rates of 205 neotropical tree and shrub species and the impact of a severe drought |
| 650 | 1 | 4 |
_aArboles tropicales _993757 |
| 650 | 1 | 4 |
_aMortalidad _99773 |
| 650 | 1 | 4 |
_aDisturbios naturales _993893 |
| 650 | 1 | 4 |
_aDemografía vegetal _993582 |
| 651 | 4 |
_dIsla Barro Colorado _pPanamá _992749 |
|
| 041 | 0 | _aInglés | |
| 700 | 1 |
_aHubbell, Stephen P _917202 |
|
| 700 | 1 |
_aFoster, Robin B. _992804 |
|
| 100 | 1 |
_aCondit, Richard _99463 |
|
| 942 | _cARTICULO | ||
| 773 | 1 |
_tEcological Monographs _h4 _q419-439 _d1995 _g65 |
|
| 999 |
_c12785 _d12785 |
||